Länder ohne olympische Medaillen - Statistiken

Allgemein
  • Dieses Quiz wurde 258 mal gespielt
    101 seit der letzten Aktualisierung
  • Das Durchschnittsergebnis liegt bei 33 aus 58
Antwortstatistiken
Land % Korrekt
Andorra
86%
Vatikanstadt
78%
Vanuatu
73%
St. Vincent und die Grenadinen
72%
Föderierte Staaten von Mikronesien
70%
Lesotho
69%
Eswatini
67%
Kiribati
67%
Komoren
67%
Marshallinseln
67%
Monaco
67%
Osttimor
67%
Palau
67%
St. Kitts und Nevis
67%
Tuvalu
67%
Bhutan
66%
Nauru
66%
Seychellen
66%
São Tomé und Príncipe
65%
Südsudan
65%
Antigua und Barbuda
64%
Belize
64%
Salomonen
64%
Brunei
63%
Malediven
63%
Äquatorialguinea
60%
Nepal
60%
Malta
59%
Ruanda
58%
Benin
57%
El Salvador
57%
Honduras
57%
Gambia
56%
Tschad
55%
Demokratische Republik Kongo
53%
Guinea
53%
Mauretanien
53%
Oman
53%
Republik Kongo
53%
Malawi
52%
Mali
52%
Nicaragua
52%
Zentralafrikanische Republik
52%
Angola
51%
Guinea-Bissau
51%
Jemen
51%
Laos
51%
Kambodscha
48%
Myanmar
48%
Madagaskar
47%
Papua-Neuguinea
45%
Bangladesch
44%
Liberia
44%
Somalia
43%
Sierra Leone
39%
Libyen
36%
Bolivien
31%
Bosnien und Herzegowina
17%
Keine übereinstimmenden Quizze gefunden
Verteilung der Resultate
Anzahl Personen mit jedem Resultat
Perzentil nach korrekt beantworteten Fragen
Ihre Resultats-Entwicklung
Sie haben dieses Quiz seit der letzten Aktualisierung nicht gespielt